<?xml version="1.0" encoding="UTF-8"?>
<collection xmlns="http://www.loc.gov/MARC21/slim">
 <record>
  <leader>00638cam a2200205 7i4500</leader>
  <controlfield tag="001">0000011221</controlfield>
  <controlfield tag="005">20151104090000.0</controlfield>
  <controlfield tag="008">890831s1990    njua     b    00110 eng</controlfield>
  <datafield tag="010" ind1="#" ind2="#">
   <subfield code="a">89023043</subfield>
  </datafield>
  <datafield tag="020" ind1="0" ind2="0">
   <subfield code="a">0133329410 </subfield>
  </datafield>
  <datafield tag="090" ind1="0" ind2="0">
   <subfield code="a">QK 603 </subfield>
   <subfield code="b">.M6 1990</subfield>
  </datafield>
  <datafield tag="100" ind1="1" ind2="0">
   <subfield code="a">Moore-Landecker, Elizabeth </subfield>
  </datafield>
  <datafield tag="245" ind1="1" ind2="0">
   <subfield code="a">Fundamentals of the fungi  </subfield>
   <subfield code="c">Elizabeth Moore-Landecker..</subfield>
  </datafield>
  <datafield tag="250" ind1="0" ind2="0">
   <subfield code="a">3rd ed..</subfield>
  </datafield>
  <datafield tag="260" ind1="0" ind2="0">
   <subfield code="a">Englewood Cliffs, N.J.: </subfield>
   <subfield code="b">Prentice Hall, </subfield>
   <subfield code="c">c1990..</subfield>
  </datafield>
  <datafield tag="300" ind1="#" ind2="#">
   <subfield code="a">xii, 561 p.: </subfield>
   <subfield code="b">ill.; </subfield>
   <subfield code="c">29 cm..</subfield>
  </datafield>
  <datafield tag="504" ind1="0" ind2="0">
   <subfield code="a">Includes bibliographical references.</subfield>
  </datafield>
  <datafield tag="650" ind1="0" ind2="0">
   <subfield code="a">Mycology. </subfield>
  </datafield>
  <datafield tag="650" ind1="0" ind2="0">
   <subfield code="a">Fungi. </subfield>
  </datafield>
  <datafield tag="999" ind1=" " ind2=" ">
   <subfield code="a">1000384772</subfield>
   <subfield code="b">Book</subfield>
   <subfield code="c">Open Shelf</subfield>
   <subfield code="e">KOLEKSI TERBUKA</subfield>
  </datafield>
 </record>
</collection>
